| 000 | 00776nam a2200229 a 4500 | ||
|---|---|---|---|
| 999 |
_c11271 _d11271 |
||
| 001 | 11271 | ||
| 003 | BD-JhCC | ||
| 005 | 20190824130639.0 | ||
| 008 | 190820s 2013bg |||| ||a| 000 0 ben d | ||
| 035 | _a(BD-JhCC) | ||
| 040 |
_aBD-JhCC _dBD-JhCC |
||
| 041 | _a ben | ||
| 082 |
_bAKH 2013 _a924 |
||
| 245 |
_aআখতারুজ্জামান ইলিয়াসের ডায়েরী / _cসম্পাদনা: শাহাদুজ্জামান । |
||
| 260 |
_aঢাকা: _bআগামী প্রকাশনী; _c২০১৩. |
||
| 300 |
_a১১১ পৃ. : _c২২ সেমি. |
||
| 600 | _aAkhteruzzaman Elies | ||
| 650 | _aBiography | ||
| 700 | _aশাহাদুজ্জামান | ||
| 942 |
_2ddc _cBK |
||